<?xml version="1.0" encoding="UTF-8"?>
<marc:record xmlns:marc="http://www.loc.gov/MARC21/slim">
   <marc:leader>00000nam a2200000 a 4500</marc:leader>
   <marc:datafield ind1="1" ind2=" " tag="100">
      <marc:subfield code="a">Salomonowitz, Anja</marc:subfield>
      <marc:subfield code="4">aut</marc:subfield>
      <marc:subfield code="e">Verfasser/-in</marc:subfield>
   </marc:datafield>
   <marc:datafield ind1=" " ind2=" " tag="653">
      <marc:subfield code="a">Ausländer</marc:subfield>
   </marc:datafield>
   <marc:datafield ind1=" " ind2=" " tag="653">
      <marc:subfield code="a">DVDV</marc:subfield>
   </marc:datafield>
   <marc:datafield ind1=" " ind2=" " tag="653">
      <marc:subfield code="a">Dokumentarfilm</marc:subfield>
   </marc:datafield>
   <marc:datafield ind1=" " ind2=" " tag="653">
      <marc:subfield code="a">Ehe</marc:subfield>
   </marc:datafield>
   <marc:datafield ind1=" " ind2=" " tag="653">
      <marc:subfield code="a">Video</marc:subfield>
   </marc:datafield>
   <marc:datafield ind1=" " ind2=" " tag="653">
      <marc:subfield code="a">Österreich</marc:subfield>
   </marc:datafield>
   <marc:datafield ind1="0" ind2="0" tag="245">
      <marc:subfield code="a">Die 727 Tage ohne Kamaro</marc:subfield>
   </marc:datafield>
   <marc:datafield ind1="0" ind2="0" tag="245">
      <marc:subfield code="b">Ein Liebesfilm gegen das Gesetz</marc:subfield>
   </marc:datafield>
   <marc:datafield ind1="0" ind2="0" tag="245">
      <marc:subfield code="c">Salomonowitz, Anja</marc:subfield>
   </marc:datafield>
   <marc:datafield ind1="1" ind2=" " tag="520">
      <marc:subfield code="a">Die 727 Tage ohne Karamo" erzählt die Geschichte von binationalen Liebespaaren in Österreich. Wenn Menschen aus Österreich Menschen aus Afghanistan, China oder Nigeria heiraten und mit ihnen leben möchten, dann aktiviert der österreichische Staat nicht selten ein Arsenal an bürokratischen und polizeilichen Mitteln, um die Heirat zu erschweren oder für ungültig zu erklären. So kommt es, dass Fremdenpolizei und Ämter in die Privatsphäre von Liebespaaren und Familien eingreifen und das Fundament der Beziehungen destabilisieren - und eine in Wien lebende Österreicherin ihren Ehemann Karamo seit über 700 Tagen nicht mehr gesehen hat.&#xD;
Viele Beziehungen zerbrechen an den Tücken des Systems.</marc:subfield>
   </marc:datafield>
</marc:record>
